| 000 | 00780nam a2200265Ia 4500 | ||
|---|---|---|---|
| 003 | OSt | ||
| 005 | 20221006144633.0 | ||
| 006 | a|||||r|||| 00| 0 | ||
| 007 | ta | ||
| 008 | 221006b |||||||| |||| 00| 0 chi d | ||
| 020 |
_a9787560014135 _cYu 21.90 |
||
| 024 | _a12,206 | ||
| 037 |
_bGift, PRC _cTextual |
||
| 040 |
_aEASL _cEASL _bchi |
||
| 041 |
_2chi _achi |
||
| 082 | _aP41,30aT:5, N8 | ||
| 100 |
_aNational Education Council Co. _9652489 |
||
| 245 | 0 | _aGuojia duiwai hanyu jiaoshi zige kaoshi dagang | |
| 260 |
_aBeijing _bWaiyu Jiaoxue Yu Yan Jiu Chubanshe _c1998 |
||
| 300 |
_a577p. _ccm. |
||
| 490 | _v CL | ||
| 650 |
_aCL _9642733 |
||
| 942 |
_hP41,30aT:5, N8 _cTEXL _2CC |
||
| 999 |
_c1080292 _d1080292 |
||